| 000 | 00853cab a2200241 4500 | ||
|---|---|---|---|
| 001 | WB3404-35 | ||
| 008 | 090401t1998 xxu||||| |||| 00| 0 eng d | ||
| 035 | _a(Sirsi) u83405 | ||
| 041 | _aeng | ||
| 245 | _aQuarry victory | ||
| 260 | _c1998 | ||
| 350 | _a0 | ||
| 490 |
_aIndependent _v28 January 1998, 15(1) |
||
| 520 | _aA High Court victory in North Yorkshire could slow down quarry development across the country. The CA ruled that an EIA should have been carried out by the quarry`s owner before quarrying permission was granted for work on a hill behind their houses. | ||
| 650 | _aENVIRONMENTAL IMPACT ASSESSMENTS | ||
| 650 | _aENVIRONMENTAL IMPACT ASSESSMENTS | ||
| 650 | _aINTERIM DEVELOPMENT ORDERS | ||
| 650 | _aPLANNING PERMISSION | ||
| 650 | _aQUARRIES | ||
| 690 | _aMINING AND MINERALS | ||
| 942 | _n0 | ||
| 948 | _c29/01/1998 | ||
| 999 |
_c52678 _d52678 |
||